Japan Professional Football League(Division 2) Champions - Statistics

General Stats
  • This quiz has been taken 39 times
    5 since last reset
  • The average score is 24 of 27
Answer Stats
Hint Answer % Correct
2003 Albirex Niigata
100%
2022 Albirex Niigata
100%
2013 Gamba Osaka
100%
2000 Hokkaido Consadole Sapporo
100%
2007 Hokkaido Consadole Sapporo
100%
2016 Hokkaido Consadole Sapporo
100%
2010 Kashiwa Reysol
100%
2019 Kashiwa Reysol
100%
2001 Kyoto Sanga F.C.
100%
2005 Kyoto Sanga F.C.
100%
2018 Matsumoto Yamaga Football Club
100%
2024 Shimizu S-pulse
100%
2014 Shonan Bellmare
100%
2017 Shonan Bellmare
100%
2020 Tokushima Vortis
100%
2009 Vegalta Sendai
100%
2006 Yokohama FC
100%
2011 F.C. Tokyo
75%
2021 Jubilo Iwata
75%
1999 Kawasaki Frontale
75%
2004 Kawasaki Frontale
75%
2023 Machida Zelvia
75%
2025 Mito HollyHock
75%
2002 Oita Trinita
75%
2008 Sanfrecce Hiroshima F.C
75%
2015 Omiya Ardija
50%
2012 Ventforet Kofu
50%
No matching quizzes found
Score Distribution
Percent of People with Each Score
Percentile by Number Answered
Your Score History
You have not taken this quiz since the last reset